| 000 | 00338nam a2200145Ia 4500 | ||
|---|---|---|---|
| 008 | 230917s9999||||xx |||||||||||||| ||und|| | ||
| 040 |
_e182890 _aMAIN |
||
| 041 | _aEnglish | ||
| 082 | _aB R137A | ||
| 100 | _aRajendra Prasad | ||
| 245 | 0 | _aAtamkatha | |
| 260 |
_aNew Delhi _bPrabhat Prakashan _c2010 |
||
| 300 | _a328 p. | ||
| 942 | _cBK | ||
| 999 |
_c161408 _d161408 |
||